000 00250nam a2200109Ia 4500
008 190216s9999||||xx |||||||||||||| ||und||
100 _aJawahar Singh
245 0 _aHindi-Jali Hai Rassi
260 _bSaradi Pub
650 _aHindi
942 _cBK
999 _c15564
_d15564